What team drafted these NBA player. - Statistics

General Stats
  • This quiz has been taken 2,018 times
  • The average score is 7 of 11
Answer Stats
Hint Answer % Correct
1.Jimmy Butler Bulls
98%
4.Taj Gibson Bulls
98%
10.Chris Bosh Raptors
91%
9.Andrew Wiggins Cavaliers
68%
11.Vince Carter Warriors
61%
5.Robin Lopez Suns
54%
8.Rajon Rondo Suns
54%
2.Isaiah Canaan Rockets
44%
7.Nikola Mirotic Rockets
44%
6.Doug Mcdermott Nuggets
42%
3.Michael Carter-Williams Sixers
26%
No matching quizzes found
Score Distribution
Percent of People with Each Score
Percentile by Number Answered
Your Score History
You have not taken this quiz